[Event "Oslo Cup"]
[Site "Oslo"]
[Date "1991.??.??"]
[Round "7"]
[White "Watson, William N"]
[Black "Shabalov, Alexander"]
[Result "0-1"]
[WhiteElo "2505"]
[BlackElo "2505"]
[Annotator "Blatny,P"]
[PlyCount "112"]
[EventDate "1991.03.??"]
[EventType "tourn"]
[EventRounds "9"]
[EventCountry "NOR"]
[EventCategory "9"]
[SourceTitle "CBM 023"]
[Source "ChessBase"]
[SourceDate "1991.08.01"]
[SourceVersion "1"]
[SourceVersionDate "1991.08.01"]
[SourceQuality "1"]

1. e4 c5 2. Nf3 g6 3. d4 cxd4 4. Nxd4 Bg7 5. Nc3 Nc6 6. Be3 Nf6 7. Bc4 O-O 8.
Bb3 a5 9. a4 Ng4 10. Qxg4 Nxd4 11. Qh4 Nxb3 12. cxb3 Ra6 13. O-O Re6 14. Rad1
Bf6 {This is a novelty,in earlier games Black players used plan with quick b6,
Bb7.} (14... b6 15. Rd2 Bb7 16. Rfd1 Bf6 17. Qg3 Bc6 18. Nd5 Be5 19. Qh4 Bd6
20. Bxb6 Qb8 21. Bd4 f6 $44 {Sax-Pigusov,Moscow GMA Final 1990}) 15. Qg3 (15.
Bg5 $142 Bxg5 16. Qxg5 f5 $10) 15... Bxc3 $5 16. bxc3 Rxe4 17. Rd3 d6 18. f3
Re5 19. Qf2 Qd7 20. Bd4 Re6 21. Bb6 Qc6 22. c4 $1 (22. Bxa5 $2 b5 (22... Qa6 $5
23. Rd5 $8 Re2 {/\Be6 -/+ _|_ ^-}) 23. Ra1 $1 (23. axb5 $4 Qxb5 $19) (23. Qb6
Qxb6+ 24. Bxb6 bxa4 {/\ Ba6-+}) (23. Rd4 Qa6 $1 24. Bb4 (24. Bc7 $4 Qa7 $19)
24... bxa4 25. bxa4 $8 Re2 26. Qg3 Qxa4 27. Bxd6 Qa7 $1 28. Bb8 $8 Qc5 $17)
23... bxa4 24. Rxa4 (24. bxa4 Ba6 {><c4,/^ f1-a6}) 24... d5 $1 {/\ Ba6 =/+})
22... Re5 23. Bd4 Rf5 24. Qd2 e5 25. Be3 Rf6 26. Rd5 (26. Qxa5 e4 $1 27. fxe4
Rxf1+ 28. Kxf1 Qxe4 {->}) 26... Re8 27. Rd1 e4 28. f4 (28. Rxd6 Rxd6 29. Qxd6
Qxd6 30. Rxd6 exf3 $17 {_|_ ^-}) 28... Bg4 29. Rf1 Qc8 30. Qf2 Qd8 31. Qh4 $2 (
31. h3 $1 Be6 32. Rd2 $13 {ג a1-h8}) 31... Rxf4 $1 32. Qxd8 Rxf1+ 33. Kxf1
Rxd8 34. Bg5 Rd7 35. Bf6 h6 36. h3 Be6 37. Rxa5 g5 38. Kf2 Kh7 39. h4 Kg6 40.
hxg5 d5 $1 41. cxd5 Bxd5 42. Ra8 hxg5 $19 {_|_} 43. Rd8 Rc7 44. Bd4 Be6 45. Ke3
Kf5 46. b4 Rc2 47. Rb8 Rxg2 48. Rxb7 Rg3+ 49. Kf2 Rf3+ 50. Kg2 Kg4 51. Rb5 f5
52. Re5 Rd3 53. Bc5 Bd5 54. Kf2 f4 55. Ke2 Bc4 56. Kf2 e3+ 0-1

[Event "FRA-ch"]
[Site "Montpellier"]
[Date "1991.??.??"]
[Round "?"]
[White "Koch, Jean Rene"]
[Black "Apicella, Manuel"]
[Result "1-0"]
[WhiteElo "2455"]
[BlackElo "2455"]
[Annotator "Blatny,P"]
[PlyCount "107"]
[EventDate "1991.08.??"]
[EventType "tourn"]
[EventRounds "15"]
[EventCountry "FRA"]
[EventCategory "8"]
[SourceTitle "CBM 027"]
[Source "ChessBase"]
[SourceDate "1992.04.01"]
[SourceVersion "1"]
[SourceVersionDate "1992.04.01"]
[SourceQuality "1"]

1. e4 c5 2. Nf3 Nc6 3. d4 cxd4 4. Nxd4 g6 5. Nc3 Bg7 6. Be3 Nf6 7. Bc4 O-O 8.
Bb3 a5 9. a4 Ng4 10. Qxg4 Nxd4 {/\d5 [+]} 11. Qh4 {/\ ->>>} Nxb3 12. cxb3 Ra6 {
<->6} 13. O-O Re6 14. Rfe1 b6 15. Bh6 Bb7 16. Re3 {/\Rh3,Bg7,Qh7} Bxh6 17. Qxh6
f6 {/\Rf7 קh7} (17... f5 18. exf5 Rxe3 (18... Rxf5 19. Rxe6 dxe6 $14 {קe6,e7}
) 19. fxg6 hxg6 20. Qxg6+ Kh8 21. Qh6+ Kg8 22. Qxe3 $18) 18. Rd1 {<->d, צe6}
Re5 19. Rg3 {/\20.Rg6 hg6 21.Qg6 Kh8 22.Rd3 +-} Rf7 20. f4 Rxe4 (20... Rc5 21.
f5 g5 22. h4 $40) (20... Rh5 21. Rxg6+ $1 hxg6 22. Qxg6+ Rg7 23. Qxh5 $18) 21.
Nxe4 Bxe4 22. Rc3 f5 23. Qh3 {Q[+]} Rf6 24. Qe3 Bc6 25. Rc4 {/\b4 -><< 3P:2P}
Kf7 {/\Qa8 /^a8-h1} (25... Re6 $4 26. Qxe6+ $18) (25... Be4 26. Qc3 $18 {/\Rc8}
Rc6 27. Rxc6 Bxc6 28. Qxc6) 26. Re1 {קe7} Re6 27. Qc3 Rxe1+ 28. Qxe1 Bd5 {קb3
} (28... Qa8 29. Rc2) 29. Rc3 Qb8 30. Qd2 (30. Qh4 Qh8 {/\Qd4+} 31. Qf2 (31.
Kf1 $5) 31... Qf6) 30... Qb7 31. Rd3 e6 32. h4 $1 Qb8 (32... h5 {׻}) 33. h5
Qd6 (33... gxh5 34. Rh3 Kg6 35. Qf2 $142 $40 (35. Qe2 Qxf4 36. Qxh5+ Kf6 {
/\Qc1, _|_ B+2P:R})) 34. hxg6+ hxg6 35. Rh3 Qb4 (35... Qc5+ $142 36. Qe3 {
/\Q/^b2-h8} (36. Kh2 $142) 36... Qxe3+ 37. Rxe3 {_|_ קb3 : קb6,g6}) 36. Qxb4
axb4 37. Rd3 {/\Rd4-b4-b6 +-} Ke7 (37... Kf6 {/\g5} 38. Rd4 Bxb3 39. Rxb4 Bd1
40. b3 $18) 38. Rd4 Kd6 {/\Kc5} (38... Bxb3 39. Rxb4 Bd1 40. b3 $18) 39. Rxb4
Kc5 40. Rb5+ Kc6 41. Kf2 d6 42. g3 {קg6} e5 (42... Be4 43. Ke3 Bd5 44. Kd4 Bg2
45. Rb4 Bd5 46. Kc3 e5 47. Rb5 e4 48. Kd4 {--> main line}) 43. Ke3 e4 44. Kd4
Bf7 45. Rb4 Be6 46. a5 $1 (46. Kc3 Kc5 47. Rd4 Bxb3 $1) 46... bxa5 {<->b} 47.
Rb8 Kc7 (47... Bf7 48. Rf8 Be6 49. Rf6 $18) 48. Rb5 Kc6 49. Rxa5 Bxb3 50. Ra1 {
קg6} Kb5 51. Rh1 Kb4 52. Rh6 Bf7 53. Rh7 Be8 $8 54. Re7 (54. Re7 Bb5 55. Re6
$18) 1-0

[Event "Warsaw Najdorf Memorial op-A 15th"]
[Site "Warsaw"]
[Date "2017.07.10"]
[Round "2"]
[White "Drozdowski, Kacper"]
[Black "Edouard, Romain"]
[Result "0-1"]
[WhiteElo "2461"]
[BlackElo "2622"]
[Annotator "Edouard,R"]
[PlyCount "92"]
[EventDate "2017.07.09"]
[EventType "swiss"]
[EventRounds "9"]
[EventCountry "POL"]
[SourceTitle "CBM 180"]
[Source "ChessBase"]
[SourceDate "2017.09.13"]
[SourceVersion "1"]
[SourceVersionDate "2017.09.13"]
[SourceQuality "1"]

1. e4 c5 2. Nf3 Nc6 3. Nc3 g6 4. d4 cxd4 5. Nxd4 Bg7 6. Be3 Nf6 7. Bc4 O-O 8.
Bb3 a6 $5 {A new line, that will surely become very popular thanks to Raja
Panjawi's excellent book on the subject. The idea is just to play ...Qc7 and ..
.b5.} 9. f3 {Definitely the critical move, as any plan based on 0-0 can't
refute Black's strategically sound plan.} (9. h3 Qc7 10. O-O b5 11. f4 (11. a3
Na5 12. f4 d6 {is more than comfortable for Black.}) 11... b4 12. Nd5 Nxd5 13.
Bxd5 e6 $1 $13) (9. Nxc6 bxc6 10. e5 Ne8 11. f4 d6 12. O-O Qc7 {is completely
fine for Black, as Panjawi states, for example:} 13. Qe2 dxe5 14. Bc5 exf4 15.
Bxe7 Bg4 16. Qe1 Nf6 17. Bxf8 Rxf8 $44) 9... Qc7 10. Qd2 (10. g4 $5 {also
makes some sense, but after} b5 $1 11. g5 Nh5 12. Nd5 Qe5 13. c3 Na5 $1 {
followed by ...Nxb3, ...Bb7 or possibly ...e6, is very fine for Black.}) 10...
b5 11. O-O $6 {Oh, no! Of course, castling on the other side is critical.} (11.
O-O-O Bb7 12. h4 h5 $5 $146 ({According to Panjawi} 12... Na5 {is a worse move:
} 13. h5 b4 14. Na4 Nxb3+ 15. Nxb3 Nxh5 16. Nb6 Rad8 17. Na5 $14) 13. g4 $5 {
The most critical move.} e6 $1 {Black has a very solid kingside. He wants to
provoke g5 and just play ...Ne8. Panjawi's main line goes} 14. Kb1 Rfd8 15. g5
Ne8 16. Qf2 Ne5 17. Nde2 Nc4 18. Bxc4 Qxc4 19. Bd4 Bxd4 20. Rxd4 Qc5 21. f4 Nd6
$132 {As a whole, this line definitely requires investigation!}) 11... Na5 {
Now Black is obviously completely fine.} 12. Rad1 Bb7 13. Qf2 (13. Rfe1 {
was probably better, since the most agressive plan is not to Black's advantage:
} e5 14. Nde2 b4 15. Na4 Nxb3 16. cxb3 d5 17. Nb6 Rad8 18. Rc1 $1 Qb8 19. exd5
Nxd5 20. Nxd5 Bxd5 21. Bc5 {and now for example} Bxb3 22. Qxb4 Bxa2 23. Qxb8
Rxb8 24. Bxf8 Bxf8 {with a drawish position.}) 13... b4 14. Na4 d5 (14... Nxb3
15. cxb3 (15. Nxb3 $5 d5 $132) 15... d5 {also made sense, but it allowed} 16.
Rc1 Qb8 17. Nb6 dxe4 18. Nxa8 Qxa8 $13) 15. exd5 (15. Nf5 $5 {was also
critical, but after} Nxb3 (15... gxf5 16. Bb6 Qe5 17. Bxa5 dxe4 18. Qc5 Qxc5+
19. Nxc5 Bc6 20. Bxb4 $13) 16. Nxg7 dxe4 17. cxb3 exf3 {Black should be better.
}) 15... Nxb3 16. d6 $5 (16. Nxb3 Nxd5 17. Bd4 e5 18. Bc5 Rfd8 $36) 16... Qxd6
({The engine prefers} 16... exd6 {and claims that Black is a bit better:} 17.
Nxb3 Bc6 18. Nb6 Rab8 19. Bd4 Rfe8 $36 {It might be right, but I didn't even
consider it!}) 17. Nxb3 (17. Nf5 $5 {definitely required some attention:} Qe5
18. Nxg7 Na5 19. Bh6 {and here after} Rad8 $1 20. Rde1 Qd6 {Black is
definitely not in danger. At some point White will have to remove his knight
from g7 and lose a bit of material. However he may get a playable position.})
17... Qc7 18. Nac5 $6 ({Definitely} 18. c4 {was the move, and after} bxc3 19.
Nxc3 {the position is about equal.}) 18... Bc6 19. Nd3 Nd5 20. Bd4 e5 21. Bc5
Rfb8 $15 22. Nd2 Bb5 23. Ne4 Rc8 {Very tempting.} (23... Rd8 {was the other
option:} 24. Rfe1 a5 $17) 24. Rfe1 f5 $1 {Black has to go for it!} 25. Bd6 ({
I was expecting} 25. Nd6 Bxd3 26. Nxc8 Rxc8 27. Ba7 {but here after} Bc4 28. b3
Nc3 29. bxc4 Nxd1 30. Rxd1 Bf8 {Black is completely winning.}) 25... Qxc2 $1 (
25... Qc6 26. Nxe5 Bxe5 27. Bxe5 fxe4 28. fxe4 Ne7 29. Bd6 $1 {is not clear:
White will get a third pawn for the piece.} (29. Rd6 $2 Rf8 $19)) 26. Rd2 $2 (
26. Nec5 Qxf2+ 27. Kxf2 {was necessary, with some drawing chances.}) 26... Qc6
$1 (26... Bxd3 27. Rxc2 Rxc2 28. Nd2 Bh6 {was also winning, but from a
practical point of view I did not consider it smart to enter such a weird
position with a relatively weak king.}) 27. Nxe5 $8 Bxe5 28. Bxe5 fxe4 29. fxe4
Ne7 (29... Rf8 {was even stronger.}) 30. Rd6 Rf8 31. Qe3 Qc4 32. h4 Nc6 33. Bf6
Qf7 {The simplest.} 34. h5 (34. Qh6 Rae8 (34... Rad8 $5) 35. h5 Ne5 $1 36. Bxe5
Qf2+ 37. Kh2 Qh4+ 38. Kg1 Qxe1+ 39. Kh2 Qh4+ 40. Kg1 Rf1#) (34. Qg5 Rae8 35. h5
Re6 $19) 34... Qa7 35. hxg6 hxg6 (35... Qxe3+ $2 36. Rxe3 hxg6 37. Rh3 $132)
36. Qxa7 (36. Bd4 $2 {leads nowhere:} Nxd4 37. Rxg6+ Kf7 $19) 36... Rxa7 37.
Rc1 Nb8 38. e5 (38. Bd4 Rd7 39. Rxg6+ Kh7 $19) 38... Nd7 39. Be7 Re8 40. Rxg6+
Kf7 41. Bc5 Rc7 42. Rg5 Rxc5 43. e6+ Rxe6 44. Rgxc5 Nxc5 45. Rxc5 Re1+ 46. Kh2
Re2 0-1

[Event "Olympiad-39"]
[Site "Khanty-Mansiysk"]
[Date "2010.09.25"]
[Round "5.3"]
[White "Fier, Alexandr"]
[Black "Mahjoob, Morteza"]
[Result "1-0"]
[WhiteElo "2588"]
[BlackElo "2529"]
[Annotator "Fier,A"]
[PlyCount "143"]
[EventDate "2010.09.21"]
[EventType "team-swiss"]
[EventRounds "11"]
[EventCountry "RUS"]
[SourceTitle "CBM 139"]
[Source "ChessBase"]
[SourceDate "2010.11.18"]
[SourceVersion "1"]
[SourceVersionDate "2010.11.18"]
[SourceQuality "1"]
[WhiteTeam "Brazil"]
[BlackTeam "Iran"]
[WhiteTeamCountry "BRA"]
[BlackTeamCountry "IRI"]

1. e4 c5 2. Nf3 Nc6 3. d4 cxd4 4. Nxd4 g6 5. Nc3 Bg7 6. Be3 Nf6 7. Bc4 O-O 8.
Bb3 a5 9. O-O Ng4 {This move is normally played instead of 8...a5. After this
move I was totally out of book.} 10. Qxg4 Nxd4 11. Rfd1 (11. Qd1 {is the
normal move and after} Nxb3 12. axb3 d6 13. Bd4 {White has a small advantage.})
11... d6 12. Qh4 Bf6 13. Qg3 e5 {A risky idea, trusting that Black's
counterplay arrives before White can take the d-pawn.} (13... Nxb3 14. axb3 Be6
15. Bd4 Bxd4 16. Rxd4 {is more or less the same position like after 11.Qd1,
but with my pieces more active.}) 14. Bxd4 exd4 15. Nb5 a4 16. Bc4 (16. Bd5 {
is the main alternative, but leaves the knight undefended.} Be6 $5 17. Bxe6
fxe6 18. Nxd4 Bh4 19. Qg4 Bxf2+ 20. Kh1 Rf6 21. Nb5 (21. Nxe6 $4 Qd7 $19) 21...
Qb6 {with sufficient counterplay.}) 16... Be5 17. Qd3 (17. f4 {is a hard
decision... White can take the d4-pawn, but I think Black has enough
compensation with the new open diagonal.} Bg7 18. Nxd4 Qb6 $44) 17... Bg4 {
Forcing the opening of the diagonal anyway.} 18. f3 Bd7 19. Nxd4 Rc8 20. c3 {
White has almost consolidated the position; Black needs to play energetically.}
Qh4 $1 {() Sacrificing the bishop! After this move the game enters deep
complications and I think the sacrifice is enough to equalise.} 21. g3 Bxg3 22.
hxg3 Qxg3+ 23. Kf1 (23. Kh1 Rc5 24. Bd5 Qh3+ 25. Kg1 Qg3+ $11) 23... Rc5 (23...
Bh3+ 24. Ke2 Qg2+ 25. Ke1 {is ok for White.}) 24. Ke2 Qh2+ (24... Rfc8 {
was the best move} 25. Bxf7+ $1 (25. Bd5 {is not possible} Qg2+ 26. Ke3 (26.
Ke1 $2 Rxd5 27. exd5 Re8+ 28. Ne2 Bf5 29. Qb5 Re5 {and suddently White has no
good plan!} 30. f4 Qg1+ 31. Kd2 Qe3+ 32. Ke1 Re8 33. Rac1 Bg4 $19) 26... Rxd5
27. exd5 Re8+ 28. Ne6 fxe6) 25... Kxf7 26. Rh1 Qg2+ 27. Ke3 Qxb2 28. Rab1 Qxa2
(28... Qxc3 $2 29. Rxh7+ Ke8 30. Qxc3 Rxc3+ 31. Kf4 $16) 29. Ne2 h5 30. Rxb7 {
with a very complicated position... I think it's about equal, but with good
chances for both sides.}) (24... d5 25. Bxd5 Rxd5 26. exd5 Qg2+ 27. Ke1 (27.
Ke3 Re8+ 28. Qe4 (28. Ne6 Bxe6 (28... fxe6 $2 29. d6) 29. dxe6 Rxe6+ 30. Qe4
Rxe4+ 31. fxe4 Qxb2 $19) 28... Rxe4+ 29. fxe4 Qxb2 30. Kd3 $15) 27... Re8+ 28.
Ne2 Bf5 29. Qb5 Re5 30. f4 Qg1+ 31. Kd2 Qe3+ 32. Ke1 Re8 33. d6 {and the
difference from the line with 24...Rfc8 is, that the d6-pawn doesn't exist
anymore. Black has nothing better than perpetual.} Qg1+ 34. Kd2 Qe3+ 35. Ke1
$11) 25. Ke3 d5 26. Ne2 $1 {Giving back the piece to activate all the
remaining ones!} Qh6+ $6 {Now I have time to activate the rooks.} (26... Rxc4
27. Qxd5 Be6 28. Qd6 Qh6+ 29. Nf4 $13) 27. Nf4 Rxc4 28. Rh1 Qg5 29. Rag1 Qe7 (
29... Qe5 30. Nxd5 Rfc8 31. Kf2 {[%cal Gd3d2,Gd2h6]}) 30. Qxd5 Qc5+ (30... Be6
31. Nxe6 Qxe6 32. Qxe6 fxe6 33. a3 $14) 31. Qxc5 (31. Ke2 {is dangerous} Bb5 (
31... Qxd5 32. Nxd5) 32. Kd1 a3 $15) 31... Rxc5 32. Nd5 {Trying a subte trick.}
f6 (32... Kg7 $2 33. Rxh7+ Kxh7 34. Nf6+ Kg7 35. Nxd7 $16 {and White has good
chances in the rook ending.}) 33. Rh5 Kh8 34. Rh2 (34. Rxg6 {is tempting,
winning a lot of pawns but at the end the knight is misplaced giving a chance
to Black to take the important e-pawn back.} Be8 35. Rxf6 Rxf6 36. Rxh7+ Kxh7
37. Nxf6+ Kg6 38. Nxe8 Rc6 39. e5 Re6 40. Nd6 Rxe5+ $11) 34... Kg7 35. a3 Re8
36. Rxh7+ $5 {The best practical chance. After moves like 36.Rd1, Black is too
solid to have problems. I tried to change the position to create some problems
in my opponent's time trouble.} Kxh7 37. Nxf6+ Kg7 38. Nxd7 Rb5 39. f4 $1 Re7 (
39... Rxb2 {is possible, but very dangerous} 40. f5 Kf7 (40... Rb3 $6 41. Rxg6+
Kf7 42. e5 Rxc3+ 43. Kf4 Rxa3 44. e6+ Ke7 45. Rg7+ Kd6 46. Nf6 Rh8 47. e7 $18)
41. Rxg6 Rc8 42. Ne5+ Kf8 43. f6 {with an attack.}) 40. Ne5 Rexe5 {A difficult
decision to make on move 40, under time pressure. Theoretically speaking, I
think Black has chances to hold the endgame, but over the board it's not easy.}
(40... Rb6 41. Nd3 $16 {was an option, but Black has no active plan.}) 41. fxe5
Kf7 {The other options give White chances to play 42.Rf1 leaving Black's rook
alone.} (41... Rxe5 42. Rf1 $16) (41... Rxb2 42. Rf1 $16) 42. Rg2 Rxe5 43. c4 {
In order to avoid 43...Rb5.} Rh5 $1 44. Kd4 Rh3 45. Ke5 Rb3 46. c5 Ke7 {
Now White needs to decide if it's possible to exchange the g-pawn for the
b-pawn. Probably after this Black will exchange the b-pawn for White's a-pawn
and push the pawn to a2... After this I think the position is draw. I tried to
advance the pawns first to create some problems for my opponent.} 47. Kd4 g5
48. e5 Kd7 {Now, with chances to push my pawn to e6 before the exchanges it's
time to take the pawn.} 49. Rxg5 Rxb2 50. Rg7+ Kd8 (50... Kc6 {is the normal
move, but after} 51. Rg6+ Kc7 52. Rd6 $1 Rb3 53. e6 {Black cannot take the
a-pawn due to 54.e7! Now I can go with my king to e8 - winning.}) 51. e6 Rb3
52. Rd7+ Ke8 (52... Kc8 53. Rd6 {is the same.}) 53. Ke5 Rxa3 54. Rxb7 Re3+ 55.
Kd6 Rd3+ 56. Kc6 a3 57. Ra7 Kd8 (57... Re3 {looks normal, but than I can
advance my c-pawn in time.} 58. Kd5 Rd3+ 59. Ke4 Rb3 (59... Rc3 60. Kd4 $18)
60. c6 Rc3 61. Kd5 Rd3+ 62. Ke5 Re3+ 63. Kd4 $1 Rxe6 64. Ra8+ Ke7 65. c7 $18)
58. e7+ Ke8 59. Kb5 {It's now easy to allow White to play 60.c6, but maybe
this is the only chance.} Rb3+ $2 (59... Re3 60. c6 Rc3 61. Kb6 Rb3+ 62. Kc5
Rc3+ 63. Kb5 Kf7 $1 {a difficult move} (63... Rb3+ 64. Kc4 {wins}) 64. Kb6 Rb3+
65. Kc5 Rc3+ 66. Kd6 Rd3+ 67. Kc7 Ke8 $3 {the only move again!} (67... Kxe7 68.
Kb8+ Ke6 69. c7 Rb3+ 70. Rb7 $18) 68. Kb6 {with a draw... not an easy
continuation at all, but I think it's the only way.}) 60. Kc4 Rb2 61. Rxa3 Kxe7
62. Rd3 {And the plan with 62...Rb8 and 63...Rd8 almost works, but...} Rb8 63.
c6 Rd8 64. Rd5 $1 {... and Black cannot exchange the rooks! Now it's over.} Ra8
(64... Rxd5 65. Kxd5 Ke8 66. Ke6 $18) 65. Kb5 Ke6 66. Rd1 Ra2 67. c7 Rc2 68.
Kb6 Rb2+ 69. Ka7 Rc2 70. Kb7 Rb2+ 71. Kc8 Rc2 72. Kd8 1-0

[Event "Olympiad-43"]
[Site "Batumi"]
[Date "2018.10.01"]
[Round "7.1"]
[White "Navara, David"]
[Black "Gelfand, Boris"]
[Result "1-0"]
[WhiteElo "2740"]
[BlackElo "2703"]
[Annotator "Ganguly, Surya Sekhar "]
[PlyCount "65"]
[EventDate "2018.09.24"]
[EventType "team-swiss"]
[EventRounds "11"]
[EventCountry "GEO"]
[SourceTitle "CBM 187"]
[Source "ChessBase"]
[SourceDate "2018.12.11"]
[SourceVersion "1"]
[SourceVersionDate "2018.12.11"]
[SourceQuality "1"]
[WhiteTeam "Czech Republic"]
[BlackTeam "Israel"]
[WhiteTeamCountry "CZE"]
[BlackTeamCountry "ISR"]

1. e4 c5 2. Nf3 Nc6 3. Nc3 g6 {Gelfand is one of the most principled players
who won’t change his opening setups but will be very deep in his preparation.
Having worked for Anand for his match against Gelfand I personally got a very
good idea about the incredible depth of Gelfand's preparation.} 4. d4 cxd4 5.
Nxd4 Bg7 6. Be3 Nf6 7. Bc4 O-O 8. Bb3 Re8 (8... d5 {In 2016-2017 Gelfand was
playing this gambit frequently. Then in recent times he moved to 8...Re8
followed by d5}) 9. f3 d5 10. exd5 ({A couple of months back at Batumi itself
David had the same position as White when he took Bd5} 10. Bxd5 Nxd5 11. Nxd5
Be6 12. c4 Rc8 13. O-O Nxd4 14. Bxd4 Rxc4 15. Bxg7 Kxg7 16. b3 Rc8 $11 {
½-½ (26) Navara,D (2737)-Dubov,D (2701) Batumi 2018}) 10... Nb4 11. Nde2 e6
12. Bd4 exd5 {Gelfand successfully drew this position twice in 2018 so it was
not that difficult for David to predict that the position was highly likely to
appear in this game. David thus went incredibly deep in his preparation.} 13.
Qd2 (13. O-O Be6 14. Bf2 d4 15. Nxd4 Bxb3 16. Nxb3 {½-½ (16) Jakovenko,D 
(2735)-Gelfand,B (2695) Poikovsky 2018} Qxd1 17. Raxd1 Nxc2 18. Na5 b6 19. Nc4
{½-½ (19) Kovalev,V (2650)-Gelfand,B (2695) Poikovsky 2018}) 13... Nc6 14.
O-O-O Nxd4 15. Nxd4 Bd7 $146 16. g4 Bc6 {Both players were playing at baffling
speed showing the level of their preparation.} 17. Kb1 Nd7 {Gelfand briefly
paused for about 4min probably to recall the analyses but David kept his
bullet mode switched on.} 18. h4 Nc5 19. h5 a5 {Boris picked up the speed but
David was using only a couple of seconds for each move.} 20. a4 Qb6 {Somewhere
around here Gelfand started to think but David was unstoppable.} 21. hxg6 hxg6
22. g5 {Just to give a glimpse of David's preparation and depth…this move
was played in 7 seconds and obviously is also the top choice of computer. Not
that it gives advantage but when an opponent plays so confidently often
psychologically it becomes difficult to find the best options. This was not
the case in this situation though. Gelfand would stumble only after actually
obtaining equality.} Nxb3 {immediately getting into an endgame which is a bit
passive but holdable.} (22... Rac8 $5 23. Rh4) 23. cxb3 Qxd4 {Part of the plan.
There were other moves too but that would allow Rh4 thus maintaining the
queens which is something Boris didn't want at this stage.} 24. Qxd4 Bxd4 25.
Rxd4 {By the way...David was still playing every move under one minute :)} Kg7
26. f4 $14 {Finally! Finally, David had to think for 4mins! That’s a lot for
the pace which he was maintaining until now. Anybody would pick White here
given a choice. A risk-free position with only two possible outcomes.} Re3 (
26... Re6 27. Rhd1 $14) 27. Ka2 Ra6 28. Nxd5 $6 {Principled and very tempting
but not the best.} (28. Rhd1 Rf3 29. R1d3 {would have kept the steady
advantage.}) 28... Bxd5 29. Rxd5 Rb6 30. Rd8 {Now comes the most crucial part
of the game. When David played Nd5 he was clearly aiming for this mating
attack. The question is, can Black defend here?} Rexb3 31. Rh2 {[%cal Ga2a1]
White has a simple threat.... he wants to play Rdh8 but that is met by Rb2 so
his next move is going to be Ka1 and followed by Rdh8. How can Black defend
this?} f5 $4 {This defends against the mating threat from h-file but opens up
a completely different front for the White rook to operate on, onewhich allows
immediate mate. This reminds me of another Gelfand game where he mated Wang
Hao in London GP 2012; in that game Wang Hao made a similar kind of blunder.} (
31... R3b4 32. Kb1) (31... R6b4 $3 {A super unusual move! Black remains cool
and threatens to give a threat while his king is under mating attack!! The
point is simple once explained....it stops White's main idea of Ka1 as well as
Kb1.} 32. Kb1 (32. Rdh8 Rxb2+) (32. Ka1 Rxa4+ 33. Kb1 Rab4 {doesn't lead
anywhere.}) 32... Rg3 {That is why R6b4 and not R3b4.} (32... Rf3 {also works
with same motif}) 33. Rdh8 (33. Rhh8 Rg1+ 34. Kc2 Rg2+ 35. Kd3 Rg3+ $11) 33...
Rg1+ 34. Ka2 (34. Kc2 $2 Rg2+ $17) 34... Rxa4+ 35. Kb3 Rb4+ 36. Ka2 Ra4+ $11)
32. Rd7+ {Suddenly the black king is exposed from another angle.} Kg8 33. Rc2
1-0